000 01062nam0a22002411 4500
001 rc\983344
005 20041129101248.6
035 _a(NLR Aleph) 006151155
090 _a5763735
_c5763735
100 _a20041129d1981 u |0rusy50 ca
101 0 _arus
102 _aRU
105 _aa |||||||||
200 1 _aАктуальные проблемы проектирования и разработки АСУ
_eМежвуз. сб.
_fМ-во высш. и сред. спец. образования РСФСР, Моск. ин-т нар. хоз-ва им. Г.В. Плеханова
_g[Редкол.: ...Г.А. Еремеев, к. т. н., доц. (отв. ред.) и др.]
210 _aМ.
_cМИНХ
_d1981
215 _a159 с.
_cсхем.
_d20
702 1 _aЕремеев
_bГ. А.
_gГеннадий Александрович
_4340
712 0 2 _aМосковский ин-т народного хозяйства им. Г.В. Плеханова
801 0 _aRU
_bNLR
_gpsbo
801 1 _aRU
_bELAR
_2rusmarc
852 _aNLR
_j82-3/9651
942 _cBOOK
980 _aNB